000 00728nam a2200229 i 4500
001 bg
100 1 _aKOROŃSKI, Jan
245 1 0 _aWykłady i ćwiczenia z matematyki dla studentów zaocznych studiów politechnicznych :
_bpomoc dydaktyczna.Cz.1 /
_cJan Koroński ; Politechnika Krakowska im. Tadeusza Kościuszki.
260 _aKraków :
_bPK,
_c2002.
300 _a225 s. :
_bil. ;
_c24 cm.
504 _aBibliogr.
650 9 _aMatematyka
655 _aPodręczniki akademickie
710 0 _aPolitechnika Krakowska im. Tadeusza Kościuszki
020 _a8372422421
040 _cBPK
041 0 _apol
080 _a51(075.8)
920 _a83-7242-242-1
942 _cKS
008 s pl f |000 0 pol
999 _c42677
_d42677
856 _uhttp://koha.tu.koszalin.pl/cgi-bin/koha/opac-detail.pl?biblionumber=42677
_yKatalog online BPK